00207nam a2200085Ia 4500008004100000100002400041245003900065260000800104260000900112170617s9999 xx 000 0 und d aBecket and Stenlake 0aPractical Pharmaceutical Chemistry bCBS c2005